[Event "71st RUS-ch Higher League 2018"]
[Site "Yaroslavl"]
[Date "2018.06.27"]
[Round "2"]
[White "Gogolev, Artem"]
[Black "Vavulin, Maksim"]
[Result "0-1"]
[WhiteElo "2407"]
[BlackElo "2552"]
[Annotator "TA"]
[PlyCount "68"]
[EventDate "2018.06.26"]
[EventType "swiss"]
[EventCountry "RUS"]
[SourceTitle "playchess.com"]
[Source "ChessBase"]
[SourceQuality "1"]

{[%evp 13,68,21,41,0,0,-9,-6,-10,0,6,49,47,54,49,52,56,56,-126,-128,-137,12,6,18,12,14,18,15,-36,-46,-32,-8,-50,-4,-41,0,0,0,0,0,0,0,-269,-272,-523,-468,-678,-677,-638,-633,-600,-593,-5310,-576,-29996,-29989,-29997,-29998]} 1. Nf3 d5 2. d4 Bf5 3. c4 e6 4. Nc3 Nf6 5. Bg5 c6 6. Qb3 Qb6 {D06: Damengambit (Seltene Züge)} 7. c5 (7. e3 Nbd7 8. Be2 dxc4 9. Bxc4 Qxb3 10. Bxb3 Ne4 11. Nxe4 Bxe4 12. Ke2 Bd6 13. Rhc1 a5 14. Bh4 {½-½ (33) Aronian,L (2795)-Svidler,P (2745) Moscow 2016}) 7... Qc7 {LiveBook: 11 Partien} 8. Bxf6 gxf6 {Die Stellung ist ausgeglichen.} 9. Qd1 $146 ({Vorgänger:} 9. Nh4 Bg6 10. Nxg6 hxg6 11. e4 dxe4 12. Nxe4 f5 13. Nd2 Nd7 14. Nf3 {0-1 (40) Kinsman,A (2395)-Westerinen,H (2410) Hafnarfjordur 1997}) 9... b6 10. b4 e5 11. e3 Rg8 12. Nh4 Be6 13. g3 Nd7 14. f4 bxc5 15. f5 $2 (15. bxc5 $14 Nxc5 16. dxc5) 15... cxd4 $17 16. fxe6 Bxb4 ({Lieber nicht} 16... dxc3 17. exd7+ Qxd7 18. Bg2 $16) (16... fxe6 $17 17. Qh5+ Kd8) 17. exd7+ $11 Qxd7 18. Rc1 Bxc3+ 19. Kf2 c5 {[%cal Bc6c5,Bc5c4][%mdl 32]} ({Jedoch nicht} 19... dxe3+ 20. Kg2 $17) 20. Rxc3 ({Günstiger ist} 20. exd4 $11 Bxd4+ 21. Kg2) 20... dxc3 $15 21. Qb3 $1 c4 22. Qxc3 Rb8 {Und ...Db7 würde nun gewinnen.} 23. Be2 Kf8 24. e4 dxe4 {Droht stark ...Tg5.} 25. Rd1 Qh3 26. Kg1 $1 Rg5 {Und weiter mit ...Dxh4 wäre nett.} 27. Bxc4 $2 {[%mdl 8192]} (27. Ng2 $11 {und Weiss ist OK.}) 27... Qxh4 $1 $19 {[#]} 28. Rd7 $2 (28. Bxf7 $1 {[%mdl 512]} Qg4 (28... Kxf7 29. Qc7+) 29. Bb3) 28... Kg7 29. Bxf7 (29. Rxf7+ $142 Kh8 30. Bf1) 29... Rb1+ 30. Kg2 Qf4 {[%csl Gb1][%cal Rf4f1]} 31. Bh5+ Kh6 {[%csl Gb1][%cal Rf4f1]} 32. Be2 {Dc8 ist eine echte Drohung.} Qc1 33. Qa5 Qg1+ 34. Kh3 {[#]} Rxg3+ $1 {[%mdl 512] Precision: Weiß = 46%, Schwarz = 42%.} 0-1

[Event "71st RUS-ch Higher League 2018"]
[Site "Yaroslavl"]
[Date "2018.06.27"]
[Round "2"]
[White "Bimiev, Ahmad"]
[Black "Rakhmanov, Aleksandr"]
[Result "1/2-1/2"]
[WhiteElo "2125"]
[BlackElo "2627"]
[Annotator "TA"]
[PlyCount "217"]
[EventDate "2018.06.26"]
[EventType "swiss"]
[EventCountry "RUS"]
[SourceTitle "playchess.com"]
[Source "ChessBase"]
[SourceQuality "1"]

{[%evp 14,217,0,0,8,-7,0,-18,-18,-15,-15,-27,-27,-27,-27,-27,-32,-33,-30,-22,-24,-34,-23,-38,-19,-41,-39,-41,-45,-46,-46,-45,-45,-52,-53,-45,-48,-36,-50,-125,-112,-111,-97,-91,-95,-120,-113,-127,-133,-116,-125,-163,-163,-163,-158,-150,-150,-136,-128,-139,-139,-147,-127,-120,-110,-101,0,0,0,0,0,0,0,0,0,0,0,0,0,0,0,0,0,0,0,0,0,0,0,0,0,0,0,0,0,0,0,0,0,0,0,0,0,0,0,0,0,0,0,0,0,0,0,0,0,-10,0,-23,-18,-41,0,0,0,0,0,0,0,0,0,0,0,0,0,0,0,0,0,0,0,0,0,0,0,0,0,0,0,0,0,0,0,0,0,0,0,0,0,0,0,0,0,0,0,0,0,0,0,0,0,0,0,0,0,0,0,0,0,0,0,0,0,0,0,0,0,0,0,0,0,0,0,0,0,0,0,0,0,0,0,0,0,0,0,0,0,0]} 1. c4 e5 2. Nc3 Bb4 3. g3 Bxc3 4. dxc3 d6 5. Bg2 Ne7 6. Nf3 {[%cal Bg1f3,Bf3e1,Be1c2,Bc2e3][%mdl 32]} Nbc6 7. b3 {A21: English Opening: 1...e5 2 Nc3} (7. O-O O-O 8. a4 a5 9. b3 Be6 10. e4 Qd7 11. Nh4 Bh3 12. Re1 f5 13. Bh1 {1-0 (13) Vakhidov,J (2578)-Khusnutdinov,R (2476) Almaty 2016}) 7... O-O 8. O-O {LiveBook: 5 Games} h6 9. Ne1 Be6 10. Nc2 Qd7 11. e4 Bh3 12. Ne3 Bxg2 13. Kxg2 f5 14. exf5 Nxf5 15. Qd5+ $146 Kh8 16. Bd2 Rae8 17. Qe4 b6 18. Rad1 Nce7 19. a4 Ng8 20. f3 Nxe3+ 21. Bxe3 Nf6 {[%cal Bg8f6,Bf6d7,Bd7c5,Bc5e4,Be4g5,Bg5h3][%mdl 32]} 22. Qc2 Qc6 23. Qe2 Rf7 24. Kg1 Ref8 25. Rf2 a5 26. Qd3 (26. Rdf1 $15) 26... Nd7 27. f4 Nc5 28. Qc2 Ne4 29. Rff1 exf4 30. Rxf4 Ng5 31. Qg2 Qe8 32. Bc1 Rxf4 33. Bxf4 Qh5 34. Rf1 Nh3+ 35. Kh1 Re8 36. Qf3 {[#]} Qxf3+ $1 37. Rxf3 $17 {[%mdl 4096] Endgame KRB-KRN} Re1+ 38. Kg2 Nxf4+ 39. Rxf4 {KR-KR} Kg8 ({Black should play} 39... Rb1 $17 40. Rf7 Rxb3 41. Rxc7 Rxc3) 40. Rf1 $11 Re3 41. Rf3 Re1 42. Rf1 $1 {[%cal Rf1e1]} Re5 43. Rf3 g6 44. Kf2 Rh5 45. h4 Kg7 46. Rf4 Re5 47. Rf3 g5 48. hxg5 Rxg5 49. Rf4 Rh5 50. Kg2 Re5 51. Kf2 Kg6 52. Rg4+ Kf6 53. Rg8 Rh5 54. Kg2 Rc5 55. Rh8 Kg5 56. Rd8 Kg4 57. Rd7 h5 58. Rd8 Re5 59. Kf2 Kh3 60. Rf8 {[#] Strongly threatening Rf4.} Rg5 61. Rf3 Kh2 62. b4 Kh3 63. bxa5 bxa5 ({Avoid the trap} 63... Rxa5 $2 64. Rf4 $18) 64. Rf7 c5 65. Rf6 Rxg3 66. Rxd6 Rxc3 67. Rd5 $1 {The position is equal.} Rxc4 {Hoping for ...Kg4.} 68. Rxh5+ Kg4 69. Rd5 Kf4 {And now ...Ke4 would win.} 70. Ke2 Ke4 71. Rh5 Kd4 {aiming for ...Kc3.} 72. Kd2 $1 Rb4 73. Kc2 Rc4+ 74. Kd2 Ke4 75. Rh4+ Kd5 76. Rh5+ Ke6 77. Rh6+ Kf5 78. Rh5+ Kg4 79. Rd5 Kf4 {White must now prevent ...Rd4+.} 80. Kd3 Rc1 81. Kd2 Ke4 (81... Rc4 {with more complications.}) 82. Rh5 Rc4 83. Rh4+ Kd5 84. Rh5+ Ke6 85. Rh6+ Kf5 86. Rh5+ Kg6 87. Rd5 Kf6 {...Rd4+ is the strong threat.} 88. Kd3 Rc1 89. Rd6+ Ke5 90. Ra6 c4+ 91. Kd2 Ra1 92. Rxa5+ Kd4 93. Ra8 Ra2+ 94. Kc1 Kc3 {[%cal Ra2a1]} 95. Kb1 Rb2+ 96. Kc1 Rh2 {[%cal Rh2h1]} 97. Kb1 Rb2+ 98. Kc1 Re2 {[%cal Re2e1]} 99. Kb1 Re1+ (99... Kb3 {is more complex.} 100. Rb8+ Kxa4 101. Rb2 Re3 102. Kc2 Rb3) 100. Ka2 Kc2 101. a5 c3 102. a6 Re6 103. Ka3 Rc6 (103... Kb1 $5 104. Rb8+ $8 Kc2 $11) 104. Ka4 Kb2 (104... Kd3 $5 105. Kb5 $8 c2 106. Rd8+ Ke3 107. Re8+ Kf2 108. Rf8+ Ke2 109. Re8+ Kf2 110. Rf8+ Ke2 111. Re8+ Kf2 $11) 105. Rb8+ Ka2 106. Kb5 {Threatening mate with a7.} Rc7 107. Kb6 c2 108. a7 $1 {[%cal Ra7a8]} Rxa7 109. Rc8 {Precision: White = 81%, Black = 72%.} 1/2-1/2

[Event "71st RUS-ch Higher League 2018"]
[Site "Yaroslavl"]
[Date "2018.06.28"]
[Round "3"]
[White "Sjugirov, Sanan"]
[Black "Pridorozhni, Aleksei"]
[Result "1-0"]
[WhiteElo "2663"]
[BlackElo "2589"]
[Annotator "TA"]
[PlyCount "81"]
[EventDate "2018.06.26"]
[EventType "swiss"]
[EventCountry "RUS"]
[SourceTitle "playchess.com"]
[Source "ChessBase"]
[SourceQuality "1"]

{[%evp 12,81,28,10,26,29,29,17,54,54,54,31,31,33,36,36,38,30,69,39,55,54,127,35,73,16,32,9,18,0,0,4,65,60,60,60,50,45,59,55,56,40,51,0,140,44,42,47,71,119,113,118,191,136,118,112,103,92,145,159,310,291,370,270,314,301,1000,967,6175,5732,29963,456]} 1. e4 e5 2. Nf3 Nc6 3. Bb5 Nf6 4. d3 Bc5 5. Bxc6 dxc6 6. Nbd2 {C65: Ruy Lopez: Berlin Defence (3...Nf6), unusual lines and 4 0-0 Bc5} (6. Qe2 Qe7 7. Nbd2 Bg4 8. h3 Bh5 9. a3 Nd7 10. b4 Bb6 11. Nc4 a5 12. Rb1 axb4 13. axb4 Ra2 {0-1 (52) Carlsen,M (2843)-Aronian,L (2764) Stavanger 2018}) 6... O-O 7. Qe2 {LiveBook: 31 Games} (7. O-O {is interesting.} Nd7 8. Nc4 f6 9. c3 Nb6 10. Be3) 7... Bg4 (7... Nd7 {keeps more tension.} 8. Nc4 f6 9. O-O Re8 10. Bd2 Nb6) 8. h3 {White has an edge.} Bxf3 $1 9. Nxf3 Nd7 10. h4 $146 ({Predecessor:} 10. Bg5 f6 11. Bd2 Re8 12. g4 Nf8 13. O-O-O Ne6 {1-0 (24) Garcia Pantoja,R (2461)-Cancino,J (1654) Ocana 2016}) 10... Re8 11. Bg5 f6 12. Bd2 Nf8 13. g4 {[%cal Bg2g4,Bg4g5][%mdl 32]} Ne6 14. O-O-O Be7 15. Rdg1 c5 16. g5 Rf8 ({Better is} 16... a5 $14) 17. Rh3 (17. g6 $16) 17... Qd6 18. Rhg3 (18. g6 $16) 18... b5 19. Kb1 a5 20. gxf6 Bxf6 21. Bg5 a4 ({Black should play} 21... c6 $11) 22. Bxf6 Rxf6 23. d4 $1 {[%cal Rd4e5]} cxd4 {[#] And now ...Raf8 would win.} 24. Qxb5 Raf8 25. Nxe5 Rxf2 {White must now prevent ...Qxe5!} 26. a3 $1 Kh8 27. Rg4 (27. h5 $14) 27... Qb6 (27... c6 $1 $11 {keeps the balance.} 28. Nxc6 d3 29. cxd3 Rc8) 28. Qc4 (28. Qxa4 $16 {Hoping for Nd7.} Qd6 29. Nd3) 28... Rb8 $1 $14 {[%csl Gb8][%cal Rb6b2] [#]} 29. Nd3 Rf3 {Strongly threatening ...Rxd3!} 30. R4g2 c5 31. Qxa4 Qb7 (31... Rf7 $16) 32. Ka2 (32. Qc4 $18 Qb6 33. a4) 32... Qxe4 33. Qd7 Rg8 34. h5 Rf6 (34... c4 $142 35. Nb4 c3) 35. b3 $16 {[%cal Bb2b3,Bb3c4][%mdl 32]} Qe3 $2 (35... Rf5 $16) 36. Re1 {[%cal Bg1e1,Be1e5,Be5e8][%mdl 32]} Qh6 37. Re5 c4 38. bxc4 Nf4 $2 (38... Ra8 39. a4 Nf8) 39. Re8 $18 Ne6 40. Ne5 {White wants to mate with Nf7+.} Nf8 41. Nf7+ {Precision: White = 49%, Black = 33%.} 1-0

[Event "71st RUS-ch Higher League 2018"]
[Site "Yaroslavl"]
[Date "2018.06.28"]
[Round "3"]
[White "Dreev, Aleksey"]
[Black "Fakhrutdinov, Timur"]
[Result "1/2-1/2"]
[WhiteElo "2657"]
[BlackElo "2460"]
[Annotator "TA"]
[PlyCount "120"]
[EventDate "2018.06.26"]
[EventType "swiss"]
[EventCountry "RUS"]
[SourceTitle "playchess.com"]
[Source "ChessBase"]
[SourceQuality "1"]

{[%evp 19,120,0,0,0,3,4,9,0,0,0,6,-6,11,0,3,0,31,10,18,0,5,0,0,0,0,-43,-33,-24,0,-15,0,0,0,-93,0,-29,-28,-63,-73,-70,-76,-91,-35,-50,-60,-51,-39,-29,-1,-13,0,-47,0,0,0,0,0,0,0,-15,-11,-8,-11,-7,-11,-18,-18,-65,-60,-54,-53,-42,0,0,0,0,18,18,20,14,8,0,8,0,0,0,0,0,0,0,0,0,0,0,0,0,0,0,0,0,0,0,0]} 1. d4 Nf6 2. Nf3 d5 3. c4 e6 4. Nc3 dxc4 5. e4 Bb4 6. Bxc4 {D24: Queen's Gambit Accepted: 3 Nf3 Nf6 4 Nc3} Nxe4 7. O-O Nxc3 (7... Nf6 8. Qa4+ Nc6 9. Ne5 Rb8 10. d5 exd5 11. Nxd5 Nxd5 12. Nxc6 bxc6 13. Qxc6+ Qd7 14. Bxd5 {½-½ (28) Aronian,L (2764)-Caruana,F (2822) Stavanger 2018}) 8. bxc3 Bd6 9. Ng5 h6 10. Ne4 O-O {LiveBook: 5 Games} 11. Qf3 Be7 12. Re1 Nd7 {[%cal Bb8d7,Bd7b6,Bb6d5][%mdl 32]} 13. Bf4 $146 ({Predecessor:} 13. Qh3 Nf6 14. Bxh6 {1-0 (22) Ragger,M (2688)-Poetsch,H (2514) Austria 2016}) 13... Nb6 14. Bb3 Nd5 15. Be5 f6 16. Bf4 $1 Nxf4 17. Qxf4 Bd6 18. Qf3 {[%mdl 1024] White has compensation.} Kh8 19. Rad1 Qe7 20. Ng3 f5 21. Re2 c5 22. Nh5 cxd4 23. cxd4 Qh4 24. h3 Bd7 25. Bxe6 Ba4 26. Rdd2 {[#]} (26. g3 $11 Qxh3 27. Rb1) 26... Bc6 (26... Qg5 $1 $17 {aiming for ...Bb5.} 27. h4 Qxh4) 27. d5 $1 $11 {[%cal Rd5c6]} Bb5 28. Re1 Be8 $1 {[%cal Re8h5]} 29. Ng3 {[%cal Bh5g3,Bg3e2,Be2d4,Bd4f3,Bf3e5][%mdl 32]} Bb4 30. Qd3 Qf4 ({Better is} 30... Qg5 $17 31. Nf1 Rd8) 31. Rdd1 Bxe1 32. Rxe1 Bf7 33. Qc3 Bg6 34. Ne2 Qd6 (34... Qh4 {looks sharper.} 35. Nd4 Qf6 36. f4 Rae8 37. Re5 Qh4) 35. Nd4 f4 36. Nf3 Rad8 37. Ne5 Bh5 38. Re4 Rf6 39. Rb4 b6 40. Rc4 Rxe6 41. dxe6 Qxe6 42. Rxf4 Re8 43. Re4 Qxa2 44. f4 Rd8 45. Kh2 Qd5 46. Rc4 $1 {The position is equal.} Qd2 47. Qg3 Rd4 48. Rc8+ Kh7 49. f5 {[#] Threatening mate with Qg6+!} Qf4 50. Qxf4 Rxf4 {[%mdl 4096] Endgame KRB-KRN} 51. g4 Re4 52. Nd7 {White wants to mate with Nf8+.} Be8 53. Nf8+ Kg8 54. Ne6 Kf7 55. Rc7+ Kf6 56. Rxa7 g6 57. Rh7 h5 58. Nc7 hxg4 59. Nxe8+ Rxe8 60. fxg6 Kxg6 {Precision: White = 58%, Black = 61%.} 1/2-1/2

[Event "71st RUS-ch Higher League 2018"]
[Site "Yaroslavl"]
[Date "2018.06.28"]
[Round "3"]
[White "Paravyan, David"]
[Black "Moiseenko, Vadim"]
[Result "1-0"]
[WhiteElo "2634"]
[BlackElo "2517"]
[Annotator "TA"]
[PlyCount "73"]
[EventDate "2018.06.26"]
[EventType "swiss"]
[EventCountry "RUS"]
[SourceTitle "playchess.com"]
[Source "ChessBase"]
[SourceQuality "1"]

{[%evp 16,73,10,5,10,-13,-3,0,0,0,0,0,0,0,55,57,58,59,79,78,71,72,114,104,118,118,112,121,125,119,127,124,161,161,154,163,158,158,193,171,226,232,202,202,226,231,211,248,422,422,422,385,777,470,772,769,741,706,888,882]} 1. Nf3 Nf6 2. g3 g6 3. Bg2 Bg7 4. O-O O-O 5. d4 c6 {[%cal Bc7c6,Bc6c5][%mdl 32]} 6. Nbd2 d5 7. c3 Nbd7 8. Re1 c5 {D02: 1 d4 d5 2 Nf3 sidelines, including 2...Nf6 3 g3 and 2...Nf6 3 Bf4} 9. e3 {LiveBook: 3 Games} (9. a4 cxd4 10. cxd4 a5 11. Nb1 Nb8 12. Nc3 Nc6 13. Ne5 Bf5 14. Bg5 Nb4 15. Rc1 Ne4 16. Be3 Nxc3 17. bxc3 {1-0 (28) Kramnik,V (2800)-Dubov,D (2701) Moscow 2018}) 9... b6 10. Qe2 $146 ({Predecessor:} 10. a4 Bb7 11. Qb3 Qc7 12. Rb1 e6 13. Qa2 Rfc8 14. b4 a5 15. b5 e5 16. dxe5 Nxe5 17. Nxe5 Qxe5 {0-1 (63) Heemskerk,F (2025)-Vreeken,C (2165) Moscow 1989}) 10... Bb7 {The position is equal.} 11. b3 Qc7 12. Bb2 e5 13. dxe5 Nxe5 14. c4 Nxf3+ (14... Ned7 $11) 15. Qxf3 $14 Qe7 16. Rad1 Rad8 {[#]} 17. Bxf6 $1 Bxf6 18. Nb1 Bb2 19. Qe2 $36 {[%mdl 2048] White is on the roll.} Be5 20. Bxd5 Bc8 21. Rd3 h5 22. Nd2 Kg7 23. f4 Bc7 24. Nf3 Bg4 25. e4 f6 26. Qf1 Qd7 27. e5 fxe5 (27... Bxf3 $142 28. exf6+ (28. Rxf3 fxe5 29. fxe5 Rxf3 $16) 28... Rxf6) 28. Nxe5 $18 Bxe5 29. Rxe5 Rde8 30. Be6 Qxe6 31. Rxe6 Rxe6 $2 (31... Bxe6 {was called for.} 32. Qa1+ Kg8) 32. h3 Bf5 33. Rd7+ Kh6 $2 (33... Kg8 34. Qa1 (34. Rxa7 Rfe8 $16) 34... Re1+ 35. Qxe1 Bxd7) 34. Qa1 {[%csl Gd7][%cal Ra1g7] White is clearly winning.} Rff6 {[#]} (34... Rg8 $142 35. g4 hxg4 36. hxg4 (36. Rxa7 gxh3 37. Kf2 Rd8 $17) 36... Bxg4 37. Rxa7 g5) 35. Re7 $1 {[%mdl 512]} Rxe7 36. Qxf6 Re8 {[#]} 37. g4 $1 {Precision: White = 86%, Black = 49%.} 1-0

[Event "71st RUS-ch Higher League 2018"]
[Site "Yaroslavl"]
[Date "2018.06.28"]
[Round "3"]
[White "Lysyj, Igor"]
[Black "Timofeev, Artyom"]
[Result "0-1"]
[WhiteElo "2630"]
[BlackElo "2583"]
[Annotator "RC"]
[PlyCount "112"]
[EventDate "2018.06.26"]
[EventType "swiss"]
[EventCountry "RUS"]
[SourceTitle "playchess.com"]
[Source "ChessBase"]
[SourceQuality "1"]
[TimeControl "40/5400+30:1800+30"]

1. d4 {[%emt 0:00:00]} d5 {[%emt 0:00:00]} 2. c4 {[%emt 0:00:00]} e6 {[%emt 0:00:00]} 3. Nf3 {[%emt 0:00:00]} a6 {[%emt 0:00:25]} 4. e3 {[%emt 0:00:47]} Nf6 {[%emt 0:00:39]} 5. b3 {[%emt 0:00:11]} b6 {[%emt 0:02:00]} 6. Bb2 {[%emt 0:05:21]} Bd6 {[%emt 0:02:14]} 7. g3 {[%emt 0:00:58]} Bb7 {[%emt 0:02:53]} 8. Bg2 {[%emt 0:00:43]} dxc4 9. bxc4 {[%emt 0:00:37]} O-O {[%emt 0:07:03]} 10. O-O {[%emt 0:04:13]} Nbd7 {[%emt 0:00:19]} 11. Nc3 {[%emt 0:03:22]} Qe7 {[%emt 0:09:36]} 12. Qc2 {[%emt 0:04:46]} c5 {[%emt 0:02:59]} 13. d5 {[%emt 0:04:18]} exd5 {[%emt 0:00:17]} 14. Nh4 {[%emt 0:00:44]} g6 {[%emt 0:00:10]} 15. Nxd5 {[%emt 0:13:45]} Nxd5 {[%emt 0:00:52]} 16. cxd5 {[%emt 0:02:02]} b5 {[%emt 0:00:08]} 17. e4 {[%emt 0:17:51]} c4 {[%emt 0:01:05]} 18. f4 {[%emt 0:00:19]} Rac8 {[%emt 0:08:02]} 19. Rad1 {[%emt 0:00:58]} c3 {[%emt 0:02:24]} 20. Bc1 {[%emt 0:00:24]} Ba3 {[%emt 0:05:28]} 21. Be3 {[%emt 0:09:00]} Rc4 {[%emt 0:06:39]} 22. e5 {[%emt 0:02:45]} Bc5 {[%emt 0:00:09]} 23. d6 {[%emt 0:00:41]} Bxe3+ {[%emt 0:05:54]} 24. Kh1 {[%emt 0:00:06]} Bxg2+ {[%emt 0:03:54]} 25. Nxg2 {[%emt 0:00:11]} Qe6 {[%emt 0:00:04]} 26. Nxe3 {[%emt 0:00:27]} Rc5 {[%emt 0:00:05]} 27. Rfe1 {[%emt 0:10:27]} b4 {[%emt 0:01:10]} 28. Rd4 {[%emt 0:02:43]} a5 {[%emt 0:00:33]} 29. Re2 {[%emt 0:04:45]} Rfc8 {[%emt 0:10:27]} 30. Kg2 {[%emt 0:00:33]} f6 {[%emt 0:03:33]} 31. exf6 {[%emt 0:03:37]} Re8 {[%emt 0:05:02]} 32. Kf1 {[%emt 0:03:45]} Kf7 {[%emt 0:07:06]} 33. Nc4 {[%emt 0:01:22]} Qxe2+ {[%emt 0:06:19]} 34. Qxe2 {[%emt 0:00:01]} Rxe2 {[%emt 0:00:07]} 35. Kxe2 {[%emt 0:00:03]} Kxf6 {[%emt 0:00:57]} 36. Kd3 {[%emt 0:03:21]} g5 {[%emt 0:01:22]} 37. fxg5+ {[%emt 0:02:20]} Rxg5 {[%emt 0:00:44]} 38. a3 {[%emt 0:00:15]} Rb5 {[%emt 0:03:36]} 39. axb4 {[%emt 0:00:59]} axb4 {[%emt 0:00:04]} 40. Rh4 {[%emt 0:00:00]} h5 {[%emt 0:00:00]} 41. Kc2 {[%emt 0:15:36]} Ke6 {[%emt 0:08:18]} 42. Rd4 {[%emt 0:03:15]} Rf5 {[%emt 0:04:15]} 43. Rd1 {[%emt 0:02:18]} Nc5 {[%emt 0:04:05]} 44. Re1+ {[%emt 0:00:04]} Kd7 {[%emt 0:00:07]} 45. Re2 {[%emt 0:00:26]} Rf1 {[%emt 0:02:31]} 46. Ne3 {[%emt 0:03:43]} Ra1 {[%emt 0:01:45]} 47. Nd5 {[%emt 0:00:01]} Ra2+ {[%emt 0:03:08]} 48. Kd1 {[%emt 0:00:01]} Rxe2 {[%emt 0:00:23]} 49. Kxe2 {[%emt 0:00:01]} c2 {[%emt 0:00:09]} 50. Kd2 {[%emt 0:00:02]} b3 {[%emt 0:00:07]} 51. Nb4 {[%emt 0:00:07]} Kxd6 {[%emt 0:03:42]} 52. Nxc2 {[%emt 0:00:02]} Ne4+ {[%emt 0:00:07]} 53. Kc1 {[%emt 0:00:10]} bxc2 {[%emt 0:00:05]} 54. Kxc2 {[%emt 0:00:01]} Nf2 {[%emt 0:00:07]} 55. Kd2 {[%emt 0:00:48]} Ng4 {[%emt 0:00:09]} 56. h3 {[%emt 0:00:03]} Nf2 {[%emt 0:00:07]} 0-1

[Event "71st RUS-ch Higher League 2018"]
[Site "Yaroslavl"]
[Date "2018.06.28"]
[Round "3"]
[White "Khismatullin, Denis"]
[Black "Oparin, Grigoriy"]
[Result "1/2-1/2"]
[WhiteElo "2627"]
[BlackElo "2587"]
[Annotator "RC"]
[PlyCount "114"]
[EventDate "2018.06.26"]
[EventType "swiss"]
[EventCountry "RUS"]
[SourceTitle "playchess.com"]
[Source "ChessBase"]
[SourceQuality "1"]
[TimeControl "40/5400+30:1800+30"]

1. Nf3 {[%emt 0:02:10]} Nf6 {[%emt 0:00:00]} 2. g3 {[%emt 0:00:05]} b6 {[%emt 0:00:00]} 3. d4 {[%emt 0:01:47]} Bb7 {[%emt 0:00:00]} 4. c4 {[%emt 0:00:08]} e6 {[%emt 0:00:09]} 5. Bg2 {[%emt 0:00:04]} Be7 {[%emt 0:00:06]} 6. O-O {[%emt 0:00:05]} O-O {[%emt 0:00:05]} 7. Re1 {[%emt 0:01:07]} Na6 {[%emt 0:00:33]} 8. Nc3 {[%emt 0:03:50]} Ne4 {[%emt 0:00:06]} 9. h4 {[%emt 0:00:17]} f5 {[%emt 0:09:20]} 10. Bf4 {[%emt 0:07:39]} Bf6 {[%emt 0:13:49]} 11. Ng5 {[%emt 0:17:35]} Nxc3 {[%emt 0:28:34]} 12. bxc3 {[%emt 0:00:41]} Bxg2 {[%emt 0:00:04]} 13. Kxg2 {[%emt 0:00:07]} Bxg5 {[%emt 0:00:05]} 14. hxg5 {[%emt 0:02:30]} d6 {[%emt 0:20:55]} 15. e4 {[%emt 0:12:10]} Qd7 {[%emt 0:00:24]} 16. Qd3 {[%emt 0:10:28]} Rae8 {[%emt 0:05:08]} 17. c5 {[%emt 0:07:19]} e5 {[%emt 0:01:47]} 18. Bd2 {[%emt 0:18:37]} Nb8 {[%emt 0:00:19]} 19. cxd6 {[%emt 0:00:13]} cxd6 {[%emt 0:01:27]} 20. dxe5 {[%emt 0:01:19]} dxe5 {[%emt 0:00:36]} 21. Qxd7 {[%emt 0:00:56]} Nxd7 {[%emt 0:00:04]} 22. exf5 {[%emt 0:00:23]} Rxf5 {[%emt 0:00:05]} 23. Be3 {[%emt 0:02:40]} e4 {[%emt 0:03:06]} 24. a4 {[%emt 0:02:40]} Nc5 {[%emt 0:01:23]} 25. Reb1 {[%emt 0:01:05]} Ne6 {[%emt 0:06:51]} 26. Rb5 {[%emt 0:01:34]} g6 {[%emt 0:00:13]} 27. Rxf5 {[%emt 0:05:13]} gxf5 {[%emt 0:00:03]} 28. a5 {[%emt 0:00:06]} Rc8 {[%emt 0:01:13]} 29. axb6 {[%emt 0:01:00]} axb6 {[%emt 0:00:04]} 30. Rb1 {[%emt 0:00:32]} Rxc3 {[%emt 0:00:27]} 31. Rb5 {[%emt 0:00:21]} Ng7 {[%emt 0:02:04]} 32. Rxb6 {[%emt 0:00:26]} Rd3 {[%emt 0:00:08]} 33. Kf1 {[%emt 0:00:42]} Rd5 {[%emt 0:03:37]} 34. Kg2 {[%emt 0:00:36]} Ne8 {[%emt 0:02:07]} 35. Bf4 {[%emt 0:00:13]} Ng7 {[%emt 0:00:04]} 36. Kh3 {[%emt 0:00:25]} Kf7 {[%emt 0:01:01]} 37. Rb7+ {[%emt 0:00:49]} Kg8 {[%emt 0:00:52]} 38. Rb6 {[%emt 0:00:17]} Kf7 {[%emt 0:00:04]} 39. Rf6+ {[%emt 0:00:17]} Kg8 {[%emt 0:00:08]} 40. Ra6 {[%emt 0:00:00]} Kf7 {[%emt 0:00:00]} 41. Rf6+ {[%emt 0:16:11]} Kg8 {[%emt 0:00:25]} 42. Bc1 {[%emt 0:07:40]} Ne8 {[%emt 0:03:25]} 43. Rb6 {[%emt 0:01:16]} Nd6 {[%emt 0:03:15]} 44. Rb8+ {[%emt 0:05:30]} Kf7 {[%emt 0:00:29]} 45. Rh8 {[%emt 0:01:07]} Kg6 {[%emt 0:00:19]} 46. Rd8 {[%emt 0:01:21]} Rd3 {[%emt 0:01:10]} 47. Bf4 {[%emt 0:01:24]} Nb5 {[%emt 0:01:45]} 48. Rg8+ {[%emt 0:00:29]} Kf7 {[%emt 0:00:06]} 49. Rh8 {[%emt 0:00:29]} Kg6 {[%emt 0:00:45]} 50. Rb8 {[%emt 0:00:19]} Nd4 {[%emt 0:03:20]} 51. Rb6+ {[%emt 0:00:25]} Kf7 {[%emt 0:00:06]} 52. Rf6+ {[%emt 0:00:46]} Kg8 {[%emt 0:00:27]} 53. Kh4 {[%emt 0:00:35]} Rd1 {[%emt 0:02:00]} 54. Kh3 {[%emt 0:00:29]} Nf3 {[%emt 0:00:46]} 55. Rxf5 {[%emt 0:00:25]} Rh1+ {[%emt 0:00:04]} 56. Kg2 {[%emt 0:00:04]} Rg1+ {[%emt 0:00:10]} 57. Kh3 {[%emt 0:00:04]} Rh1+ {[%emt 0:00:04]} 1/2-1/2